Die Briefe des Bischofs Rather von Verona /

Saved in:
Bibliographic Details
Main Author: Ratherius, of Verona, approximately 890-974
Other Authors: Weigle, Fritz
Format: Book
Language:Latin
German
Published: Weimar : H. Böhlau, 1949.
Series:Monumenta Germaniae historica. Briefe der deutschen Kaiserzeit ; 1. Bd.
Subjects:

MARC

LEADER 00000cam a2200000 a 4500
001 001050849
005 20260604082733.3
008 810612s1949 gw b 001 0 lat d
035 |a (OCoLC)7497881 
035 9 |a AEV4024^^^^^ 
035 |a (ndu)001050849 
040 |a RETROCON/NYGG (COO)  |c COO  |d IND  |d UtOrBLW 
041 0 |a lat  |a ger 
043 |a e-gx---  |0 http://id.loc.gov/vocabulary/geographicAreas/e-gx 
049 |a INDI 
090 |a DD3  |b .M7792 v.1 
100 0 |a Ratherius,  |c of Verona,  |d approximately 890-974.  |0 http://id.loc.gov/authorities/names/n50053995 
245 1 4 |a Die Briefe des Bischofs Rather von Verona /  |c bearbeitet von Franz Weigle. 
260 |a Weimar :  |b H. Böhlau,  |c 1949. 
300 |a vi, 209 pages ;  |c 26 cm. 
336 |a text  |b txt  |2 rdacontent  |0 http://rdaregistry.info/termList/RDAContentType/1020 
337 |a unmediated  |b n  |2 rdamedia  |0 http://rdaregistry.info/termList/RDAMediaType/1007 
338 |a volume  |b nc  |2 rdacarrier  |0 http://rdaregistry.info/termList/RDACarrierType/1049 
490 1 |a Monumenta Germaniae historica, die deutschen Geschichtsquellen des Mittelalters, 500-1500 : die Briefe der deutschen Kaiserzeit ;  |v 1. Bd. 
504 |a Includes bibliographical references and index. 
650 0 |a Middle Ages  |v Sources.  |0 http://id.loc.gov/authorities/subjects/sh2007000855 
651 0 |a Germany  |x History  |v Sources.  |0 http://id.loc.gov/authorities/subjects/sh2008115195 
650 7 |a Middle Ages  |x Sources.  |2 fast  |0 (OCoLC)fst01020326 
650 7 |a Middle Ages.  |2 fast  |0 (OCoLC)fst01020301 
651 7 |a Germany.  |2 fast  |0 (OCoLC)fst01210272 
655 7 |a History.  |2 fast  |0 (OCoLC)fst01411628 
655 7 |a Sources.  |2 fast  |0 (OCoLC)fst01423900 
700 1 |a Weigle, Fritz.  |0 http://id.loc.gov/authorities/names/nr2001038609 
830 0 |a Monumenta Germaniae historica.  |p Briefe der deutschen Kaiserzeit ;  |v 1. Bd.  |0 http://id.loc.gov/authorities/names/n84733058 
902 |a MARS 
999 f f |i 712228ba-53ac-5713-ad09-5af7bb28f8fb  |s 931905d5-9b10-4859-9691-0dace9d4756c  |t 0 
952 f f |p Noncirculating  |a University of Notre Dame  |b University of Notre Dame  |c Medieval Institute Library  |s MedIn Reference (Rm. 715)  |d Medieval Institute Reference (Rm. 715)  |t 0  |e DD 3 .M7792 v.1  |h Library of Congress classification  |i Book  |m 00000012528055